00631naa a22001697i 45000010005000000030009000050050017000140080040000310350017000710400024000880410008001121000136001202450076002567730101003329420013004339990015004468347KOSZ 00520180508154137.0160308s2012 pl ||||| ||||0|| ||eng  aPBN-R:248252 cKOSZ 005/mdaPBN-ID0 aeng aBIL, Tadeusz.d1996 - .bPolitechnika Koszalińska - Wydział Mechaniczny,cKatedra Inżynierii Spożywczej i Tworzyw Sztucznych10aAnalysis of the Bennett linkage in the geometry of tori /cTadeusz Bil.0 iW :tMechanism and Machine Theory. -dNew York : Pergamon. -g2012, Z. 53, s. 122-127x0094-114X cART2UKD c8347d8347